Ricostruisci la Carriera del Calciatore - Marcel Sabitzer - Statistics

Statistiche generali
  • Questo quiz è stato fatto 7 volte
  • Il punteggio medio è 3 su 7
Statistiche sulle risposte
Hint Risposta % Corretto
2013-2014 Rapid Vienna
80%
2015-2021 RB Lipsia
80%
2023- Borussia Dortmund
60%
2010-2013 Admira Wacker M.
40%
2023 Manchester Utd
40%
2014-2015 Salisburgo
40%
2021-2023 Bayern Monaco
0%
Nessun quiz corrispondente trovato
Distribuzione punteggi
Percentuale di utenti per punteggio
Percentile per numero di risposta
I tuoi punteggi nel tempo
Non hai fatto questo quiz